Obálka Náhled e-knihy:
PDF Epub
Pro půjčování e-knih musíte být přihlášeni.
Jak si půjčit online?

Pachatelé dobrých skutků. 1, Puntíkáři /

Kniha o dvou kamarádech, kteří s nevinnými úmysly vyvádějí jednu lumpárnu za druhou.

Uloženo v:
Série:Pachatelé dobrých skutků, část 1
Hlavní autor: Kratochvíl, Miloš, 1948- (Autor)
Další autoři: Starý, Milan, 1970- (Autor)
Médium: E-kniha
Jazyk:Czech
Vydáno: Praha : Mladá fronta, 2021
Vydání:Vydání druhé
Témata:
Příbuzné jednotky:Z cyklu:: Pachatelé dobrých skutků
Tagy:
Žádné tagy
LEADER 02790nam a2200469 i 4500
001 311525
003 CZ PrSKC
005 20260601215707.0
007 ta
008 211111s2021 xr a c 000 j cze
015 |a cnb003369642 
020 |a 9788020459367  |q (vázáno) :  |c Kč 229,00 
035 |a (OCoLC)1296107744 
040 |a ABG001  |b cze  |d OLA001  |d ABA001  |e rda 
072 7 |a 821.162.3-3  |x Česká próza  |2 Konspekt 
072 7 |a 821-93  |x Literatura pro děti a mládež (beletrie)  |2 Konspekt 
080 |a 821.162.3-32  |2 MRF 
080 |a 821-93  |2 MRF 
080 |a (0:82-32)  |2 MRF 
100 1 |a Kratochvíl, Miloš,  |d 1948-  |7 jk01062996  |4 aut 
245 1 0 |a Pachatelé dobrých skutků.  |n 1,  |p Puntíkáři /  |c Miloš Kratochvíl ; ilustroval Milan Starý 
246 3 0 |a Puntíkáři 
250 |a Vydání druhé 
264 1 |a Praha :  |b Mladá fronta,  |c 2021 
300 |a 107 stran :  |b ilustrace ;  |c 21 cm 
336 |a text  |b txt  |2 rdacontent 
337 |a bez média  |b n  |2 rdamedia 
338 |a svazek  |b nc  |2 rdacarrier 
520 2 |a Kniha o dvou kamarádech, kteří s nevinnými úmysly vyvádějí jednu lumpárnu za druhou.  |b Filip a Michal jsou kamarádi na život a na smrt, protože jak říká Michal, jeho kamarád většinou vymyslí tak šílené věci, že byste ho museli zabít nebo se musíte smířit s tím, že půjde o život i vám. O život však často jde i dalším kamarádům nebo dospělým, kteří se k jejich rošťárnám připletou, ať už kvůli nebezpečným situacím, nebo protože by se z obou kluků zbláznili. Filda s Míšou vše myslí dobře, ale jedna poznámka v žákovské stíhá druhou a radost z nich má jedině Michalův tatínek, který se jimi nechává inspirovat při tvorbě reklamních sloganů. Ovšem jak všichni kluci vědí, pravé kamarádství na život a na smrt nezlomí žádné poznámky ani ty největší průšvihy. 
521 8 |a Pro děti od 8 let 
655 7 |a české příběhy  |7 fd133973  |2 czenas 
655 7 |a publikace pro děti  |7 fd133156  |2 czenas 
655 9 |a Czech stories  |2 eczenas 
655 9 |a children's literature  |2 eczenas 
700 1 |a Starý, Milan,  |d 1970-  |7 xx0008670  |4 ill 
787 0 8 |i Z cyklu:  |t Pachatelé dobrých skutků  |g 1 
900 |a ABA001  |b 20 
928 9 |a Albatros Media - Mladá fronta 
044 |a xr 
910 |a RBIT002 
998 |d 349607  |a https://core.palmknihy.cz/api/books/349607/cover?si7d67  |b https://core.palmknihy.cz/api/books/349607/cover/400?si7d67  |c https://core.palmknihy.cz/api/books/349607/cover/50?si7d67  |e 2031-12-31  |g 112  |i 9788020459367  |j https://core.palmknihy.cz/api/books/349607/preview.epub  |k https://core.palmknihy.cz/api/books/349607/preview.pdf  |l   |q 49  |r 1  |s https://www.palmknihy.cz/kniha/349607  |t ebook  |y 2022  |z 0  |v Pachatelé dobrých skutků  |w 1 
999 |d 311523